000 01235nam0a2200313 4500
001 RU\NLR\bibl\1427793
005 20250615220709.0
010 _a978-5-8343-0496-8
_9200
021 _aRU
_b2009-67577
_94169
035 _a(NLR Aleph) 001419714
090 _a1334888
_c1334888
100 _a20091020d2009 |||y0rusy50 ca
101 0 _arus
102 _aRU
105 _aa |||||||||
200 1 _aПрактические вопросы аэрогидромеханики заполнения мягких емкостей и оболочек
_fБ. И. Друзь, И. Б. Друзь
210 _aВладивосток
_cМорской государственный университет
_d2009
215 _a125 с.
_cил.
_d29
300 _aБиблиогр.: с. 123 (8 назв.)
606 1 _aСудовые конструкции гибкие
_xРасчет
_92109578
_3RU\NLR\auth\661275058
686 _aО42-016.7
700 1 _aДрузь
_bБ. И.
_gБорис Иванович
_4070
701 1 _aДрузь
_bИ. Б.
_gИван Борисович
_4070
801 0 _aRU
_bNLR
_c20091020
_gRCR
801 1 _aRU
_bNLR
_c20091020
942 _cBOOK
980 _aNB